Header

Las leyes de fomento industrial de las provincias y su armonía con los impuestos nacionales al consumo / (Registro nro. 6476)

Detalles MARC
000 -LEADER
campo de control de longitud fija 00893nam a2200217Ia 4500
001 - NÚMERO DE CONTROL
campo de control 6476
003 - IDENTIFICADOR DE NÚMERO DE CONTROL
campo de control AR-BaAGN
005 - FECHA Y HORA DE LA ÚLTIMA TRANSACCIÓN
campo de control 20231222140236.0
007 - CAMPO FIJO DE DESCRIPCIÓN FÍSICA--INFORMACIÓN GENERAL
campo de control de longitud fija ta
008 - DATOS DE LONGITUD FIJA--INFORMACIÓN GENERAL
campo de control de longitud fija 211213s1928 ag |||||||||||||| ||spa d
040 ## - FUENTE DE CATALOGACIÓN
Centro/agencia modificador AR-BaAGN
Centro catalogador/agencia de origen AR-BaAGN
Lengua de catalogación español
Normas de descripción aacr
942 ## - ELEMENTOS DE ENTRADA SECUNDARIOS (KOHA)
Tipo de ítem Koha Libro
100 1# - ENTRADA PRINCIPAL--NOMBRE DE PERSONA
Nombre de persona Bas, Arturo M.,
Fechas asociadas al nombre 1875-1935
ID autoridades 6934
245 10 - MENCIÓN DEL TÍTULO
Título Las leyes de fomento industrial de las provincias y su armonía con los impuestos nacionales al consumo /
Mención de responsabilidad, etc. Arturo Bas ; Fernando Saguier
260 ## - PUBLICACIÓN, DISTRIBUCIÓN, ETC.
Lugar de publicación, distribución, etc. Buenos Aires :
Nombre del editor, distribuidor, etc. Tuduri,
Fecha de publicación, distribución, etc. 1928.
300 ## - DESCRIPCIÓN FÍSICA
Extensión 39 páginas
336 ## - TIPO DE CONTENIDO
Fuente rdacontent
Código de tipo de contenido texto
337 ## - TIPO DE MEDIO
Fuente rdamedia
Código del tipo de medio no mediado
338 ## - TIPO DE SOPORTE
Fuente rdacarrier
Código del tipo de soporte volumen
500 ## - NOTA GENERAL
Nota general Informe ante la Suprema Corte Nacional, en el juicio seguido por la Compañía General de Fósforos contra la Provincia de Córdoba y los Señores Julio N. Méndez y Ferreyra Hnos., sobre inconstitucionalidad de las leyes 3133 y 3336 de dicha provincia
Existencias
Estado de retiro Estado de pérdida Estado de conservación Biblioteca actual Ubicación en estantería Signatura topográfica completa Código de barras Tipo de ítem Koha
      Biblioteca del Archivo General de la Nación Ernesto H. Celesia - Folletos EC.f 35-09 CF00035-9 Folleto

Contacto

Dirección: Av. Leandro Alem 246, 3er piso (CABA).
Código postal: C1003AAP
Teléfono: 2206-0013
Correo electrónico: comunicacionagn@mininterior.gob.ar
Sitio Web: www.argentina.gob.ar/interior/archivo-general-de-la-nacion

AGN en las redes sociales

Facebook  /  Twitter  /  Instagram